Statistics for NAME THAT MOVIEEE

Click here to take the quiz!

General Stats

  • This quiz has been taken 30 times
  • The average score is 4 of 6

Answer Stats

HintAnswer% Correct
The Imperial Forces under orders from cruel Darth Vader hold Princess Leia hostage, in their efforts to quell the rebellion against the Galactic Empire.Star Wars
96%
On the lush alien world of Pandora live the Na'vi, beings who appear primitive but are highly evolved.Avatar
92%
A billionaire industrialist and genius inventor, is conducting weapons tests overseas, but terrorists kidnap him to force him to build a devastating weapon. Instead, he builds an armored suit and upends his captors.Iron Man
81%
When a mysterious force decimates the population, only one thing is certain if you see it, you die. The survivors must now avoid coming face to face with an entity that takes the form of their worst fears.Bird Box
58%
In ancient Kahndaq, Teth Adam was bestowed the almighty powers of the gods. After using these powers for vengeance, he was imprisonedBlack adam
42%
A small-town California teen is thrown back into the '50s when an experiment by his eccentric scientist friend goes awry.Back 2 the future
4%

Score Distribution

Percentile by Number Answered

Percent of People with Each Score

Your Score History

You have not taken this quiz